Welcome to the Holygrace Academy Library

Please use search bar below to get started

COMDEX FASHION DESIGN VOL - II (Record no. 5915)

MARC details
000 -LEADER
fixed length control field 00528nam a22001457a 4500
020 ## - INTERNATIONAL STANDARD BOOK NUMBER
ISBN 978-93-5004-094-2
082 ## - DEWEY DECIMAL CLASSIFICATION NUMBER
Classification number 746.93
Item number KAU/C
100 ## - MAIN ENTRY--AUTHOR NAME
Personal name KAUR, NAVNEET
245 ## - TITLE STATEMENT
Title COMDEX FASHION DESIGN VOL - II
Remainder of title ENSEMBLES FOR YOUR BODY TYPE
260 ## - PUBLICATION, DISTRIBUTION, ETC. (IMPRINT)
Place of publication DELHI
Name of publisher DREAMTECH PRESS
Year of publication 2010
300 ## - PHYSICAL DESCRIPTION
Number of Pages 294
520 ## - SUMMARY, ETC.
Summary, etc THIS VOLUME HAS BEEN DESIGNED WITH THE PURPOSE TO HELP YOU KNOW YOUR CLIENTS BODY TYPE WITH ITS POSITIVES AND NGATIVES , AND HELP YOU SELECT ENSEMBLES BEST SUITED.
650 ## - SUBJECT ADDED ENTRY--TOPICAL TERM
Topical Term FASHION STUDIES
Geographic subdivision INDIA
942 ## - ADDED ENTRY ELEMENTS (KOHA)
Koha item type Books
Holdings
Withdrawn status Lost status Collection code Home library Current library Shelving location Date acquired Source of acquisition Cost, normal purchase price Full call number Accession Number Koha item type
    Reference Main Library Main Library SHELF 15G- FASHION,COOKING 06/09/2018 purchase 499.00 746.93 KAU/C 10251 Books